[Event "Pontevedra op-B 6th"]
[Site "Pontevedra"]
[Date "2018.08.12"]
[Round "7"]
[White "Zagema, Jan Sybren"]
[Black "Duarte Blanco, Christian"]
[Result "1/2-1/2"]
[WhiteElo "1861"]
[BlackElo "1649"]
[PlyCount "52"]
[EventDate "2018.08.08"]
[EventType "swiss"]
[EventRounds "9"]
[EventCountry "ESP"]
[SourceTitle "CBM 186 Extra"]
[Source "ChessBase"]
[SourceDate "2018.08.24"]
[SourceVersion "1"]
[SourceVersionDate "2018.08.24"]
[SourceQuality "1"]

1. e4 c5 2. Nc3 e6 3. f4 g6 4. Nf3 Bg7 5. e5 Ne7 6. Ne4 0-0 7. Nxc5 d6 8. exd6 Qxd6 9. d4 Nbc6 10. c3 Nd5 11. Ne4 Qc7 12. g3 b6 13. Bd2 Re8 14. Bd3 Bb7 15. 0-0 Rad8 16. Qe2 f6 17. Rae1 Qd7 18. Qg2 e5 19. fxe5 fxe5 20. Bg5 exd4 21. Bxd8 Rxd8 22. Bc4 Kh8 23. cxd4 Nxd4 24. Nfg5 Nf5 25. Qh3 Bd4+ 26. Nf2 Nfe3 1/2-1/2